La Guyane et la question pénitentiaire coloniale (forçats et récidivistes) / (Record no. 189270)
[ view plain ]
| 000 -LEADER | |
|---|---|
| campo de control de longitud fija | 01033nam a2200205 i 4500 |
| 001 - NÚMERO DE CONTROL | |
| campo de control | 189270 |
| 003 - IDENTIFICADOR DE NÚMERO DE CONTROL | |
| campo de control | ES-MaACL |
| 005 - FECHA Y HORA DE LA ÚLTIMA TRANSACCIÓN | |
| campo de control | 20251003063206.0 |
| 008 - DATOS DE LONGITUD FIJA--INFORMACIÓN GENERAL | |
| campo de control de longitud fija | 190520s1886 fr |||| | fre d |
| 100 1# - ENTRADA PRINCIPAL--NOMBRE DE PERSONA | |
| Nombre de persona | Leveillé, Jules, |
| Fechas asociadas al nombre | 1834-1912 |
| 9 (RLIN) | 167046 |
| 245 13 - MENCIÓN DEL TÍTULO | |
| Título | La Guyane et la question pénitentiaire coloniale (forçats et récidivistes) / |
| Mención de responsabilidad, etc. | par Jules Leveillé. |
| 260 ## - PUBLICACIÓN, DISTRIBUCIÓN, ETC. | |
| Lugar de publicación, distribución, etc. | Paris : |
| Nombre del editor, distribuidor, etc. | Armand Colin et Cie., |
| Fecha de publicación, distribución, etc. | 1886 ( |
| Fabricante | Imp. A. Lahure) |
| 300 ## - DESCRIPCIÓN FÍSICA | |
| Extensión | 52 p. ; |
| Dimensiones | 27 cm. |
| 650 #4 - PUNTO DE ACCESO ADICIONAL DE MATERIA--TÉRMINO DE MATERIA | |
| Término de materia o nombre geográfico como elemento de entrada | Colonias penitenciarias. |
| 9 (RLIN) | 167471 |
| 650 #4 - PUNTO DE ACCESO ADICIONAL DE MATERIA--TÉRMINO DE MATERIA | |
| Término de materia o nombre geográfico como elemento de entrada | Reincidentes. |
| 9 (RLIN) | 166996 |
| 852 ## - LOCALIZACIÓN | |
| Ubicación | ES-MaACL |
| Número de control de estantería | D-77(2) |
| Sublocalización o colección | R.FOLL. 3/2 |
| itemnumber | 196408 |
| Ubicación en estantería | Sala Valle Inclán |
| Signatura antigua | Olim: 193-C-16 |
| Marcas de propiedad | Sello en tinta en portada:"Donativo del Sr. Lastres al Ateneo de Madrid.1907" |
| Anotaciones manuscritas | Anotación manuscrita en cubierta: "Folletos penitenciarios. Tomo" |
| Encuadernación | Encuadernado con otras obras formando un volumen facticio |
| -- | Encuadernación holandesa |
| Donativo/Legado | Donación: Francisco Lastres y Juiz. |
| 903 ## - NOMBRE PERSONAL DE DONANTE | |
| a | Lastres y Juiz, Francisco, |
| d | 1848-1918 |
| q | 1 |
| e | Donante |
| 9 | 70504 |
| 942 ## - ELEMENTOS DE ENTRADA SECUNDARIOS (KOHA) | |
| Fuente del sistema de clasificación o colocación | Clasificación decimal universal |
| Tipo de ítem Koha | Folleto |
| Estatus retirado | Estado de pérdida | Fuente del sistema de clasificación o colocación | Estado de daño | No para préstamo | Colección | Biblioteca de origen | Biblioteca actual | Ubicación en estantería | Fecha de adquisición | Fuente de adquisición | Total de préstamos | Signatura topográfica completa | Código de barras | Visto por última vez | Precio de reemplazo | Tipo de ítem Koha |
|---|---|---|---|---|---|---|---|---|---|---|---|---|---|---|---|---|
| Clasificación decimal universal | Colección de folletos | Biblioteca del Ateneo de Madrid | Biblioteca del Ateneo de Madrid | Sala Valle Inclán | 20/05/2019 | Donación | D-77(2) | 901200531 | 23/02/2023 | 23/02/2023 | Folleto |
